00350 a2200109 4500001000900000005001700009008004100026245005600067100002300123773007700146999001700223ART_226120260410161724.0260409a 10aEstrategia empresaria y dirección de producción1 aSolana, Ricardo F.0 tAdministración de empresasg- Año XVII, Nº 200 (nov. 1986)wREV2036 c17234d17234